[Event "33rd ECCC Open 2017"]
[Site "Antalya"]
[Date "2017.10.12"]
[Round "5"]
[White "Heinrich, Jan"]
[Black "Uruci, Endrit"]
[Result "1/2-1/2"]
[WhiteElo "1988"]
[BlackElo "2111"]
[Annotator "NA"]
[PlyCount "61"]
[EventType "team-tourn"]
[EventCountry "TUR"]
[SourceTitle "playchess.com"]
[Source "ChessBase"]
[SourceQuality "1"]
[WhiteTeam "Adare"]
[BlackTeam "Dardania"]
[TimeControl "40/5400+30:1800+30"]

1. d4 {[%emt 0:00:30]} Nf6 {[%emt 0:01:00]} 2. Bg5 {[%emt 0:00:30]} d5 {[%emt 0:00:30]} 3. Nf3 {[%emt 0:00:30]} e6 {[%emt 0:00:30]} 4. e3 {[%emt 0:00:30]} Be7 {[%emt 0:01:30]} 5. c4 {[%emt 0:00:00]} O-O {[%emt 0:01:30]} 6. Nc3 {[%emt 0:01:00]} Nbd7 {[%emt 0:00:30]} 7. Bd3 {[%emt 0:00:30]} dxc4 {[%emt 0:00:30]} 8. Bxc4 {[%emt 0:00:30]} a6 {[%emt 0:00:00]} 9. O-O {[%emt 0:00:30]} b5 {[%emt 0:00:00]} 10. Bb3 {[%emt 0:02:30]} Bb7 {[%emt 0:00:00] D60: Queen's Gambit Declined: Classical: Unusual White 7th moves} 11. Qe2 {[%emt 0:01:30]} Ne4 $146 {[%emt 0:02:00]} ({Predecessor:} 11... c5 12. Rfd1 Qb6 13. Rac1 Rfd8 14. h3 Rac8 15. Bc2 cxd4 16. exd4 Nf8 17. d5 b4 18. Na4 {0-1 (41) Rimeikis,A (2132)-Kalvaitis,S (2285) Plateliai 2016}) 12. Nxe4 {[%emt 0:05:30]} Bxe4 {[%emt 0:00:30]} 13. Bxe7 {[%emt 0:01:30]} Qxe7 {[%emt 0:00:30]} 14. Rac1 {[%emt 0:07:30]} c5 {[%emt 0:00:30]} 15. dxc5 {[%emt 0:00:30]} Nxc5 {[%emt 0:00:30]} 16. Bc2 {[%emt 0:00:30]} Rfd8 {[%emt 0:01:30]} 17. Bxe4 {[%emt 0:00:30]} Nxe4 {[%emt 0:00:00]} 18. Qc2 {[%emt 0:02:30]} Nd6 {[%emt 0:09:00]} 19. Rfd1 {[%emt 0:05:30]} Rac8 {[%emt 0:00:30]} 20. Qe2 {[%emt 0:01:30]} e5 {[%emt 0:01:30]} 21. h3 $11 {[%emt 0:06:30]} h6 {[%emt 0:02:30]} 22. b3 {[%emt 0:06:30]} Ne4 {[%emt 0:08:30]} 23. Rxd8+ {[%emt 0:03:30]} Qxd8 {[%emt 0:04:30]} 24. Rxc8 {[%emt 0:01:30]} Qxc8 {[%emt 0:00:30]} 25. Qb2 {[%emt 0:11:30]} f6 {[%emt 0:02:30]} 26. Nd2 {[%emt 0:05:30]} Nc3 {[%emt 0:04:30]} 27. b4 {[%emt 0:02:30]} Kh8 {[%emt 0:03:30]} 28. Kh2 Nd5 {[%emt 0:13:30]} 29. a3 {[%emt 0:12:00]} Nb6 {[%emt 0:06:30]} 30. Nb3 {[%emt 0:04:03]} Na4 {[%emt 0:01:30]} 31. Qd2 {[%emt 0:01:35]} 1/2-1/2

[Event "33rd ECCC Open 2017"]
[Site "Antalya"]
[Date "2017.10.12"]
[Round "5"]
[White "Kocyigit, Buse Naz"]
[Black "Sahin, Ozgun"]
[Result "1/2-1/2"]
[WhiteElo "1827"]
[BlackElo "2210"]
[Annotator "NA"]
[PlyCount "108"]
[EventType "team-tourn"]
[EventCountry "TUR"]
[SourceTitle "playchess.com"]
[Source "ChessBase"]
[SourceQuality "1"]
[WhiteTeam "Karaman"]
[BlackTeam "Besiktas"]
[TimeControl "40/5400+30:1800+30"]

1. d4 {[%emt 0:00:30]} c5 {[%emt 0:01:00]} 2. e3 {[%emt 0:00:30]} Nf6 {[%emt 0:00:30]} 3. Nf3 {[%emt 0:00:30]} d5 {[%emt 0:00:30]} 4. c3 {[%emt 0:00:30]} Nc6 {[%emt 0:00:30]} 5. Bd3 {[%emt 0:00:30]} Bg4 {[%emt 0:00:30]} 6. Nbd2 {[%emt 0:00:00]} e6 {[%emt 0:01:30]} 7. O-O {[%emt 0:01:00] D05: Colle System with ...e6} Bd6 {[%emt 0:00:30]} (7... cxd4 8. exd4 Bd6 9. Re1 O-O 10. Nf1 Re8 11. Bg5 h6 12. Bh4 e5 13. dxe5 Nxe5 14. Be2 Nxf3+ 15. Bxf3 Rxe1 16. Qxe1 Bxf3 17. gxf3 {½-½ (44) Golubov,S (2490)-Peralta,F (2574) Sitges 2016}) 8. dxc5 {[%emt 0:14:30]} Bxc5 {[%emt 0:00:30]} 9. e4 {[%emt 0:05:30]} O-O {[%emt 0:17:30]} 10. Qc2 {[%emt 0:06:30]} h6 {[%emt 0:08:30]} 11. exd5 $146 {[%emt 0:06:30]} ({Predecessor:} 11. h3 dxe4 12. Bxe4 Nxe4 13. hxg4 Ng5 14. Nxg5 Qxg5 {½-½ (61) Gotovusa,G (2165)-Zmijanac,D (2258) Belgrade 2003}) 11... exd5 {[%emt 0:04:30]} 12. h3 {[%emt 0:01:30]} Bd7 {[%emt 0:02:30]} 13. Nb3 {[%emt 0:04:30]} Bb6 {[%emt 0:00:30]} 14. Bf4 {[%emt 0:02:30]} Rc8 {[%emt 0:04:30]} 15. a3 {[%emt 0:10:30]} a5 {[%emt 0:06:30]} 16. Rae1 {[%emt 0:06:30]} a4 {[%emt 0:10:30]} 17. Nbd2 {[%emt 0:00:30]} Bc5 {[%emt 0:06:30]} 18. Ne5 {[%emt 0:16:50]} ({Much worse is} 18. Qxa4 Nb4 $17) 18... Nxe5 {[%emt 0:05:30]} 19. Bxe5 {[%emt 0:00:10]} b5 {[%emt 0:04:30]} 20. Qd1 {[%emt 0:04:24]} Bc6 {[%emt 0:09:07]} 21. Nf3 {[%emt 0:04:40]} Nd7 {[%emt 0:03:02]} 22. Bd4 {[%emt 0:01:52]} Bd6 {[%emt 0:01:28]} 23. Ne5 {[%emt 0:02:57]} Nxe5 {[%emt 0:05:37]} 24. Bxe5 {[%emt 0:00:30]} Bxe5 {[%emt 0:00:30]} 25. Rxe5 {[%emt 0:00:30]} Qd6 {[%emt 0:00:30]} 26. Rfe1 {[%emt 0:00:29]} Rfd8 {[%emt 0:02:08]} 27. Bf5 {[%emt 0:03:37]} Rc7 {[%emt 0:02:03]} 28. Qd4 {[%emt 0:01:38]} Kf8 {[%emt 0:01:21]} 29. Bc2 {[%emt 0:03:34]} Re8 {[%emt 0:00:47]} 30. Rxe8+ {[%emt 0:00:30]} Bxe8 {[%emt 0:00:00]} 31. Qd3 {[%emt 0:00:33]} Re7 {[%emt 0:01:00]} 32. Rd1 {[%emt 0:00:36]} Re5 {[%emt 0:00:59]} 33. Qh7 {[%emt 0:00:37]} Qf6 {[%emt 0:00:27]} 34. Bd3 {[%emt 0:00:29]} Bc6 {[%emt 0:00:46]} 35. Qh8+ {[%emt 0:00:45]} Ke7 {[%emt 0:00:01]} 36. Qb8 {[%emt 0:00:16]} Qd6 {[%emt 0:00:48]} 37. Qa7+ {[%emt 0:00:30]} Kf8 {[%emt 0:00:30]} 38. Qb6 {[%emt 0:00:28]} d4 {[%emt 0:01:09]} 39. cxd4 {[%emt 0:00:30]} Rg5 {[%emt 0:00:00]} 40. Bf1 {[%emt 0:00:00]} Kg8 {[%emt 0:01:17]} 41. Rc1 {[%emt 0:02:35]} Rg6 {[%emt 0:00:30]} 42. Qc5 {[%emt 0:08:30]} Qf4 $16 {[%emt 0:08:30]} 43. Qc3 {[%emt 0:07:43]} Bxg2 {[%emt 0:04:18]} 44. Bxg2 {[%emt 0:07:02]} Qe4 {[%emt 0:00:25]} 45. f3 {[%emt 0:03:13]} Qe2 {[%emt 0:00:30]} 46. Qc8+ {[%emt 0:00:30]} Kh7 {[%emt 0:00:30]} 47. Qc2 {[%emt 0:00:00]} Qe3+ {[%emt 0:01:03]} 48. Kh1 {[%emt 0:00:14]} Qxd4 {[%emt 0:00:28]} 49. Rd1 {[%emt 0:01:20]} Qe3 {[%emt 0:01:01]} 50. f4 {[%emt 0:02:29]} Qxf4 {[%emt 0:01:07]} 51. Be4 {[%emt 0:01:07]} f5 {[%emt 0:00:07]} 52. Bxf5 {[%emt 0:00:08]} Qf3+ {[%emt 0:00:30]} 53. Kh2 {[%emt 0:00:30]} Qg3+ {[%emt 0:00:30]} 54. Kh1 {[%emt 0:00:30]} Qf3+ {[%emt 0:00:00]} 1/2-1/2

[Event "33rd ECCC Open 2017"]
[Site "Antalya"]
[Date "2017.10.12"]
[Round "5"]
[White "Ingason, Sigurdur"]
[Black "Hajra, Driton"]
[Result "1/2-1/2"]
[WhiteElo "1809"]
[BlackElo "2040"]
[Annotator "NA"]
[PlyCount "128"]
[EventType "team-tourn"]
[EventCountry "TUR"]
[SourceTitle "playchess.com"]
[Source "ChessBase"]
[SourceQuality "1"]
[WhiteTeam "Viking"]
[BlackTeam "Hasan Pristina"]
[TimeControl "40/5400+30:1800+30"]

1. d4 {[%emt 0:00:30]} Nf6 {[%emt 0:01:00]} 2. c4 {[%emt 0:00:30]} g6 {[%emt 0:00:30]} 3. Nc3 {[%emt 0:00:30]} Bg7 {[%emt 0:00:30]} 4. e4 {[%emt 0:00:30]} d6 {[%emt 0:00:30]} 5. Be2 {[%emt 0:00:30]} O-O {[%emt 0:00:30]} 6. Bg5 {[%emt 0:00:00]} c6 {[%emt 0:00:30]} 7. Qd2 {[%emt 0:01:00]} Re8 {[%emt 0:01:30]} 8. Nf3 {[%emt 0:03:30]} Qc7 {[%emt 0:00:30]} 9. O-O {[%emt 0:02:30]} Nbd7 {[%emt 0:01:30]} 10. Rfe1 {[%emt 0:06:30]} e5 {[%emt 0:01:30]} 11. d5 {[%emt 0:01:30] E94: King's Indian: Classical: 6 Be2 e5 7 0-0: Various Black 7th moves} c5 {[%emt 0:05:30]} 12. a3 {[%emt 0:06:30]} b6 {[%emt 0:03:30]} 13. b4 {[%emt 0:06:30]} a6 {[%emt 0:04:30]} 14. Bf1 {[%emt 0:04:30]} Nf8 {[%emt 0:05:30]} 15. bxc5 $146 {[%emt 0:04:30]} ({Predecessor:} 15. Rab1 Bg4 16. Qd3 {½-½ (36) Wilfling,H (2168)-Schober,M (1930) St Veit 2009}) 15... bxc5 {[%emt 0:00:30]} 16. a4 {[%emt 0:06:30]} Bg4 {[%emt 0:02:30]} 17. Nh4 {[%emt 0:05:30]} Qa5 {[%emt 0:06:30]} 18. f3 {[%emt 0:05:30]} Bd7 {[%emt 0:00:30]} 19. Qc2 {[%emt 0:06:30]} Reb8 {[%emt 0:02:30]} 20. Bd2 {[%emt 0:00:30]} Qd8 {[%emt 0:00:30]} 21. g3 {[%emt 0:01:30]} Rb7 {[%emt 0:01:30]} 22. Reb1 {[%emt 0:02:30]} Rab8 {[%emt 0:00:30]} 23. Rxb7 {[%emt 0:02:30]} Rxb7 {[%emt 0:00:30]} 24. Rb1 {[%emt 0:00:30]} Qb8 {[%emt 0:00:30]} 25. Rxb7 {[%emt 0:04:30]} Qxb7 {[%emt 0:00:00]} 26. Bd3 {[%emt 0:00:30]} Ne8 {[%emt 0:02:00]} 27. Ng2 {[%emt 0:01:30]} Bf6 {[%emt 0:04:30]} 28. Ne3 {[%emt 0:03:30]} Bd8 {[%emt 0:01:30]} 29. Nb1 {[%emt 0:00:30]} Ng7 {[%emt 0:03:30]} 30. Nd1 {[%emt 0:05:38]} f5 {[%emt 0:01:30]} 31. Qb2 {[%emt 0:00:27]} Qc8 {[%emt 0:00:30]} 32. Bc2 {[%emt 0:03:34]} fxe4 {[%emt 0:01:30]} 33. fxe4 {[%emt 0:00:14]} Nh5 {[%emt 0:00:30]} 34. Nbc3 {[%emt 0:01:16]} Kg7 {[%emt 0:04:30]} 35. Nf2 {[%emt 0:00:59]} h6 {[%emt 0:01:30]} (35... Ba5 $11 {remains equal.}) 36. Bd1 {[%emt 0:00:23]} Nf6 {[%emt 0:01:30]} 37. Be3 {[%emt 0:02:51]} Ba5 {[%emt 0:01:30]} 38. Na2 {[%emt 0:01:26]} g5 {[%emt 0:07:30]} 39. Bd2 {[%emt 0:03:57]} Bc7 {[%emt 0:04:30]} 40. Bc3 {[%emt 0:00:00]} Ng6 {[%emt 0:00:30]} 41. Qd2 {[%emt 0:06:15]} Ne7 {[%emt 0:05:30]} 42. Nc1 {[%emt 0:06:30]} Neg8 {[%emt 0:04:30]} 43. Ba5 {[%emt 0:03:30]} Qd8 {[%emt 0:05:30]} 44. Bc3 {[%emt 0:01:30]} Qe8 {[%emt 0:03:30]} 45. Ba5 {[%emt 0:00:30]} Qd8 {[%emt 0:01:30]} 46. Bc3 {[%emt 0:00:30]} Ne7 {[%emt 0:00:00]} 47. Ncd3 {[%emt 0:01:30]} Nc8 {[%emt 0:01:00]} 48. a5 {[%emt 0:01:30]} Be8 {[%emt 0:03:30]} 49. Qa2 {[%emt 0:04:12]} Bg6 {[%emt 0:05:30]} 50. Bf3 {[%emt 0:00:11]} Ne7 {[%emt 0:00:30]} 51. Nc1 {[%emt 0:01:04]} Bh5 {[%emt 0:01:30]} 52. Bxh5 {[%emt 0:01:06]} Nxh5 {[%emt 0:00:30]} 53. Qd2 $14 {[%emt 0:01:25]} Ng6 {[%emt 0:00:30]} 54. Qb2 {[%emt 0:01:19]} Bxa5 {[%emt 0:09:30]} 55. Ne2 {[%emt 0:03:43]} Bxc3 {[%emt 0:02:30]} 56. Nxc3 {[%emt 0:00:12]} Qa5 {[%emt 0:01:30]} 57. Qb7+ {[%emt 0:00:46]} Kg8 {[%emt 0:00:30]} 58. Qb8+ {[%emt 0:01:42]} Nf8 {[%emt 0:00:30]} 59. Nfd1 {[%emt 0:01:08]} Nf6 {[%emt 0:01:30]} 60. Qxd6 {[%emt 0:00:33]} N8d7 {[%emt 0:03:36]} 61. Qe6+ {[%emt 0:00:13]} Kf8 {[%emt 0:00:41]} 62. d6 {[%emt 0:01:59]} Qd8 {[%emt 0:02:57]} (62... Qb4 $11) 63. Nd5 {[%emt 0:01:06]} Qe8 {[%emt 0:02:11]} 64. Qf5 {[%emt 0:01:31]} Kf7 {[%emt 0:02:27]} 1/2-1/2

[Event "33rd ECCC Open 2017"]
[Site "Antalya"]
[Date "2017.10.12"]
[Round "5"]
[White "Egan, Colm"]
[Black "Mahmuti, Ajet"]
[Result "0-1"]
[WhiteElo "1786"]
[BlackElo "1981"]
[Annotator "NA"]
[PlyCount "77"]
[EventType "team-tourn"]
[EventCountry "TUR"]
[SourceTitle "playchess.com"]
[Source "ChessBase"]
[SourceQuality "1"]
[WhiteTeam "Adare"]
[BlackTeam "Dardania"]
[TimeControl "40/5400+30:1800+30"]

1. d4 {[%emt 0:00:30]} Nf6 {[%emt 0:01:00]} 2. Bg5 {[%emt 0:00:30]} Ne4 {[%emt 0:00:30]} 3. Bf4 {[%emt 0:00:00]} d6 {[%emt 0:03:30]} 4. f3 {[%emt 0:00:00]} Nf6 {[%emt 0:00:30]} 5. e4 {[%emt 0:00:30]} g6 {[%emt 0:00:30]} 6. Qd2 {[%emt 0:01:30]} Nh5 {[%emt 0:04:30]} 7. Bh6 {[%emt 0:02:30]} Bxh6 {[%emt 0:08:30]} 8. Qxh6 {[%emt 0:00:30]} c5 {[%emt 0:00:30]} 9. dxc5 {[%emt 0:15:30]} Qa5+ {[%emt 0:04:30]} 10. Nd2 {[%emt 0:10:30]} Qxc5 {[%emt 0:01:30]} 11. Nb3 {[%emt 0:01:30]} Qb4+ {[%emt 0:02:30]} 12. c3 {[%emt 0:01:30]} Qb6 {[%emt 0:02:30]} 13. O-O-O {[%emt 0:07:30]} Be6 {[%emt 0:00:30]} 14. Bd3 {[%emt 0:04:30]} Bxb3 {[%emt 0:00:30]} 15. axb3 {[%emt 0:00:30]} Qxb3 {[%emt 0:00:30]} 16. Ne2 {[%emt 0:00:30]} Nc6 {[%emt 0:00:30]} 17. Bc2 {[%emt 0:00:30]} Qb6 {[%emt 0:06:30]} 18. g4 {[%emt 0:01:30]} Nf6 {[%emt 0:00:30]} 19. h4 {[%emt 0:00:30]} O-O-O {[%emt 0:00:30]} 20. Nd4 {[%emt 0:03:30]} Ne5 {[%emt 0:21:30]} 21. Bb3 {[%emt 0:04:30]} e6 {[%emt 0:00:30]} 22. Qg5 {[%emt 0:00:30]} Nfd7 {[%emt 0:01:30]} 23. Kc2 {[%emt 0:10:30]} Nc5 {[%emt 0:00:30]} 24. Rhf1 {[%emt 0:02:30]} Nxb3 {[%emt 0:02:30]} 25. Nxb3 {[%emt 0:00:30]} Kb8 {[%emt 0:01:30]} 26. Rd4 {[%emt 0:03:30]} Nc6 {[%emt 0:05:30]} 27. Rd2 {[%emt 0:04:30]} Rd7 {[%emt 0:07:30]} 28. Qf6 {[%emt 0:07:21]} Rc8 {[%emt 0:00:30]} 29. f4 {[%emt 0:04:22]} Qe3 {[%emt 0:06:08]} 30. Kc1 {[%emt 0:00:30]} b6 {[%emt 0:03:54]} 31. Rfd1 {[%emt 0:01:50]} a5 {[%emt 0:02:34]} 32. Nd4 {[%emt 0:00:35]} Qxe4 {[%emt 0:05:19]} 33. Re2 {[%emt 0:02:27]} Qd5 {[%emt 0:00:15]} 34. Nxe6 {[%emt 0:03:04]} Qc4 {[%emt 0:00:32]} 35. Nd4 {[%emt 0:05:12]} Nxd4 {[%emt 0:00:14]} 36. Qxd4 {[%emt 0:00:07]} Qxe2 {[%emt 0:01:08]} 37. Qxb6+ {[%emt 0:00:12]} Rb7 {[%emt 0:00:48]} 38. Qxd6+ {[%emt 0:00:45]} Ka8 {[%emt 0:00:14]} 39. Qd5 {[%emt 0:01:37]} 0-1

[Event "33rd ECCC Open 2017"]
[Site "Antalya"]
[Date "2017.10.13"]
[Round "5"]
[White "Yuksel, Mahmut"]
[Black "Demuth, Adrien"]
[Result "0-1"]
[WhiteElo "1701"]
[BlackElo "2538"]
[Annotator "TA"]
[PlyCount "74"]
[EventType "team-tourn"]
[EventCountry "TUR"]
[SourceTitle "playchess.com"]
[Source "ChessBase"]
[SourceQuality "1"]
[WhiteTeam "Genc"]
[BlackTeam "Nice Alekhine"]

{[%evp 9,74,20,23,-6,0,-12,0,-12,0,0,0,0,0,0,41,-16,-25,-15,-16,-17,-31,-109,-103,-108,-110,-106,-110,-110,-111,-103,-133,-127,-121,-126,-109,-152,-128,-131,-118,-114,-121,-181,-189,-189,-173,-468,-421,-608,-615,-609,-609,-602,-607,-865,-706,-928,-927,-922,-918,-911,-908,-1199,-1192,-1466,-1390,-5527,-5239]} 1. e4 c5 2. c3 d5 3. exd5 Qxd5 4. d4 Nc6 5. Nf3 Bf5 (5... Nf6 6. Be2 cxd4 7. cxd4 e6 8. O-O Be7 9. Nc3 Qd6 10. Nb5 Qd8 11. Bf4 Nd5 12. Bg3 O-O 13. Bc4 a6 14. Nc3 Nxc3 15. bxc3 b5 16. Bd3 Bb7 17. a4 b4 18. Rb1 Bf6 19. Be4 a5 20. cxb4 axb4 21. Bxc6 {½-½ (21) Zvjaginsev,V (2660)-Moiseenko,A (2692) Berlin 2015}) 6. Bb5 {B22: Sicilian: 2 c3} cxd4 7. Bxc6+ Qxc6 8. O-O {The position is equal.} Bg4 9. Nxd4 Bxd1 10. Nxc6 Bh5 11. Nd4 O-O-O 12. Be3 $146 (12. Re1 $14) ({Predecessor:} 12. Bf4 e6 13. Nb5 {½-½ (67) Savoia,S (1776)-Cmor,N (2012) Portoroz 2016}) 12... Nf6 13. Nb3 b6 14. f3 Nd5 15. Bc1 {[#]} (15. Bf2 $15) 15... e5 $1 $17 16. a4 Bg6 17. Na3 f6 18. a5 Kb7 19. Rd1 Be7 20. axb6 axb6 ({Don't do} 20... Nxb6 21. Re1 $11) 21. Bd2 Nc7 {[#] aiming for ...Bxa3.} 22. Rdc1 Rd3 23. Be1 Rhd8 {Threatens to win with ...Bf7.} 24. Nc4 Bf7 25. Ncd2 (25. Nbd2 $17 {is a better defense.}) 25... f5 $36 {[%mdl 2048] Black is on the roll.} 26. Ra4 Bg5 27. Rb4 $2 (27. Rca1 {might work better.}) 27... Bxb3 {Black is clearly winning.} (27... Rxd2 $2 28. Bxd2 Be7 29. c4 $19) ({Weaker is} 27... Bxd2 28. Nxd2 Rxd2 29. Bxd2 $17) 28. Nxb3 (28. f4 $142 Bxf4 29. Rxf4 Rxd2 30. Bxd2 exf4 31. Bxf4) 28... Bxc1 29. Nc5+ Kc6 30. Nxd3 Rxd3 31. Bg3 f4 32. Bh4 Rd1+ 33. Kf2 Be3+ 34. Ke2 Rd2+ 35. Ke1 Rxg2 36. Bd8 Ne6 37. Be7 Kd7 {Precision: White = 44%, Black = 76%.} 0-1

[Event "33rd ECCC Open 2017"]
[Site "Antalya"]
[Date "2017.10.12"]
[Round "5"]
[White "Aleksic, Filip"]
[Black "Ejsing, Esben"]
[Result "0-1"]
[WhiteElo "1654"]
[BlackElo "2180"]
[Annotator "NA"]
[PlyCount "88"]
[EventType "team-tourn"]
[EventCountry "TUR"]
[SourceTitle "playchess.com"]
[Source "ChessBase"]
[SourceQuality "1"]
[WhiteTeam "Elektroprivreda"]
[BlackTeam "Nordkalotten"]
[TimeControl "40/5400+30:1800+30"]

1. d4 {[%emt 0:00:30]} g6 {[%emt 0:01:00]} 2. g3 {[%emt 0:00:30]} Bg7 {[%emt 0:00:30]} 3. Bg2 {[%emt 0:00:30]} d6 {[%emt 0:00:30]} 4. Nf3 {[%emt 0:00:30]} Nd7 {[%emt 0:00:30]} 5. O-O {[%emt 0:01:30]} e5 {[%emt 0:00:30]} 6. dxe5 {[%emt 0:04:30]} dxe5 {[%emt 0:01:30]} 7. e4 {[%emt 0:03:30] A41: 1 d4 d6: Tartakower System and Modern Defence} Ne7 {[%emt 0:02:30]} (7... Ngf6 8. Qe2 O-O 9. b3 Re8 10. Rd1 h6 11. a4 a5 12. Ba3 b6 13. Qe3 Bb7 14. Nc3 Qb8 {1-0 (66) Petrosian,T (2625)-Guseinov,G (2646) Minsk 2015}) 8. Nc3 {[%emt 0:04:30]} O-O {[%emt 0:00:30]} 9. Qe2 {[%emt 0:03:30]} c6 {[%emt 0:02:30]} 10. Be3 {[%emt 0:01:30]} b5 $146 {[%emt 0:02:30]} ({Predecessor:} 10... Re8 11. Rfd1 Qc7 12. Qd2 Nf8 13. Bc5 Bg4 14. h3 Bxf3 15. Bxf3 {1-0 (41) Stumpf,W (1996)-Schurig,W (1976) Freudenstadt 2003}) 11. a3 {[%emt 0:02:30]} Qc7 {[%emt 0:02:30]} 12. Rad1 {[%emt 0:01:30]} a5 {[%emt 0:04:30]} 13. Ra1 {[%emt 0:12:30]} Ba6 {[%emt 0:20:30]} 14. Rfd1 {[%emt 0:14:30]} Rfd8 {[%emt 0:00:30]} 15. Qe1 {[%emt 0:02:30]} Nf8 {[%emt 0:13:30]} 16. Bf1 {[%emt 0:07:30]} Ne6 {[%emt 0:02:30]} 17. Rxd8+ {[%emt 0:01:30]} Nxd8 {[%emt 0:08:30]} 18. Rd1 {[%emt 0:06:30]} Ne6 {[%emt 0:00:30]} 19. Ng5 {[%emt 0:08:30]} Nd4 {[%emt 0:00:30]} 20. Bxd4 {[%emt 0:03:23]} exd4 $15 {[%emt 0:00:30]} 21. Ne2 {[%emt 0:00:51]} c5 {[%emt 0:05:30]} 22. c3 {[%emt 0:01:56]} Rd8 {[%emt 0:00:30]} 23. cxd4 {[%emt 0:02:14]} cxd4 {[%emt 0:00:30]} 24. Nf4 {[%emt 0:09:03]} h6 {[%emt 0:08:30]} 25. Nf3 {[%emt 0:00:13]} Qb6 {[%emt 0:02:10]} 26. Nd3 {[%emt 0:00:36]} Bc8 {[%emt 0:01:58]} 27. h3 {[%emt 0:00:47]} Be6 {[%emt 0:00:53]} 28. Kg2 {[%emt 0:00:45]} Kh7 {[%emt 0:01:00]} 29. Kh2 {[%emt 0:00:44]} g5 {[%emt 0:01:57]} 30. g4 {[%emt 0:00:30]} Ng6 {[%emt 0:00:34]} 31. Qd2 {[%emt 0:01:20]} Bc4 {[%emt 0:00:48]} 32. Be2 {[%emt 0:00:53]} Bf8 {[%emt 0:01:26]} 33. Ng1 {[%emt 0:01:48]} Bd6+ {[%emt 0:01:11]} 34. Kh1 {[%emt 0:00:19]} Bc7 {[%emt 0:00:26]} 35. Bf1 {[%emt 0:00:49]} Qd6 {[%emt 0:01:12]} 36. f3 {[%emt 0:00:09]} Kg7 {[%emt 0:02:53]} 37. Rc1 {[%emt 0:00:52]} Rh8 {[%emt 0:03:13]} 38. Rd1 {[%emt 0:01:51]} h5 {[%emt 0:00:54]} 39. Qf2 {[%emt 0:00:38]} hxg4 {[%emt 0:01:15]} 40. fxg4 {[%emt 0:00:00]} Re8 {[%emt 0:03:10]} 41. Nf3 {[%emt 0:10:19]} Rxe4 {[%emt 0:01:30]} 42. Nxg5 {[%emt 0:00:30]} Re3 {[%emt 0:00:30]} 43. Nc1 {[%emt 0:04:14]} Bd5+ {[%emt 0:01:30]} 44. Kg1 {[%emt 0:00:27]} Rg3+ {[%emt 0:00:30]} 0-1